[Event "XVI Festival A"]
[Site "Cesenatico ITA"]
[Date "2012.09.06"]
[Round "6"]
[White "Zamengo, Fulvio"]
[Black "Drei, Andrea"]
[WhiteElo "2047"]
[BlackElo "2247"]
[Result "0-1"]
[PlyCount "210"]
[EventDate "2012.09.01"]

1. e4 c5 2. Nf3 Nc6 3. d4 cxd4 4. Nxd4 Nf6 5. Nc3 e5 6. Ndb5 d6 7. Bg5 a6 8.
Na3 b5 9. Nd5 Be7 10. Bxf6 Bxf6 11. c3 O-O 12. Nc2 Bg5 13. a4 Rb8 14. axb5 axb5
15. Bd3 Be6 16. Ncb4 Nxb4 17. Nxb4 Qd7 18. O-O g6 19. Qe2 f5 20. Ra5 fxe4 21.
Bxe4 Bd8 22. Ra6 Rb6 23. Bc6 Qf7 24. Rxb6 Bxb6 25. Bxb5 Kg7 26. Kh1 Ra8 27. f3
Bc5 28. Na6 Bb6 29. Nb4 Bc5 30. Qe4 Rb8 31. Bc6 Bxb4 32. cxb4 Bc4 33. Rc1 Rxb4
34. h3 d5 35. Qxe5+ Qf6 36. Qxf6+ Kxf6 37. Rd1 Rb6 38. Ba4 Rxb2 39. Kh2 Ke5 40.
Kg3 d4 41. Rc1 Rb4 42. Re1+ Kd5 43. Be8 d3 44. f4 Kd4 45. f5 gxf5 46. Bh5 Bd5
47. h4 d2 48. Re7 Rb7 49. Re8 Rb1 50. Kf4 d1=Q 51. Bxd1 Rxd1 52. Kxf5 Bxg2 53.
Rd8+ Bd5 54. Rd7 Rb1 55. Kg5 Rb7 56. Rd8 Ke5 57. Re8+ Be6 58. Rf8 Rb1 59. Re8
Rg1+ 60. Kh6 Kf6 61. Ra8 Bf5 62. h5 Ke5 63. Re8+ Kf4 64. Re4+ Kg3 65. Re3+ Kh4
66. Re4+ Bg4 67. Kxh7 Kg5 68. Rb4 Bf5+ 69. Kg7 Rc1 70. Rb7 Rc6 71. Kf7 Kxh5 72.
Rb5 Kg5 73. Ke7 Re6+ 74. Kf7 Rh6 75. Ke7 Re6+ 76. Kf7 Rd6 77. Rb7 Rh6 78. Re7
Rh1 79. Kg7 Rh2 80. Kf7 Rh6 81. Kg7 Rf6 82. Re1 Rd6 83. Rg1+ Bg4 84. Rf1 Bf5
85. Rg1+ Kf4 86. Rf1+ Ke5 87. Re1+ Be4 88. Rf1 Rg6+ 89. Kf7 Ra6 90. Kg7 Rg6+
91. Kf7 Rh6 92. Rg1 Ra6 93. Re1 Ra8 94. Kg7 Ra7+ 95. Kg8 Rb7 96. Re2 Kf5 97.
Re1 Ke5 98. Re2 Kf5 99. Re1 Bd3 100. Re3 Be4 101. Re1 Kg6 102. Rg1+ Kf6 103.
Rf1+ Bf5 104. Rc1 Rb8+ 105. Rc8 Rxc8# 0-1

[Event "XVI Festival A"]
[Site "Cesenatico ITA"]
[Date "2012.09.07"]
[Round "7"]
[White "Bentivegna, Francesco"]
[Black "Cocconcelli, Lorenzo"]
[WhiteElo "2319"]
[BlackElo "2017"]
[Result "0-1"]
[PlyCount "108"]
[EventDate "2012.09.01"]

1. e4 e6 2. d4 d5 3. Bd3 Nf6 4. e5 Nfd7 5. Nf3 c5 6. c3 Nc6 7. O-O cxd4 8. cxd4
Qb6 9. Bc2 g6 10. Nc3 Bg7 11. h4 O-O 12. h5 Re8 13. g3 Nf8 14. Kg2 f6 15. hxg6
hxg6 16. Rh1 fxe5 17. dxe5 Nxe5 18. Nxe5 Bxe5 19. Qg4 Bg7 20. Bb3 Bd7 21. Bh6
Re7 22. Bxg7 Rxg7 23. Kg1 Re8 24. Re1 Ree7 25. Qg5 Ref7 26. Re2 Bc6 27. Rh4 Rf5
28. Qe3 Qxe3 29. Rxe3 Rh5 30. Ne2 Rxh4 31. gxh4 Rh7 32. Rh3 g5 33. Rg3 Rxh4 34.
Rxg5+ Kf7 35. f4 Rh7 36. Kf2 Rg7 37. Rh5 Nd7 38. f5 e5 39. Ng3 Nf6 40. Rh8 Ke7
41. Bd1 Be8 42. Rh4 Rh7 43. Rb4 Kd6 44. Be2 e4 45. a4 Ke5 46. a5 d4 47. a6 b6
48. Bc4 e3+ 49. Ke1 Bc6 50. Bf1 Nd5 51. Rb3 Ba4 52. Ra3 Bc2 53. f6 Nf4 54. Ne2
d3 0-1

[Event "XVI Festival A"]
[Site "Cesenatico ITA"]
[Date "2012.09.07"]
[Round "7"]
[White "Carletti, Angelo"]
[Black "Mrdja, Milan"]
[WhiteElo "1893"]
[BlackElo "2347"]
[Result "0-1"]
[PlyCount "70"]
[EventDate "2012.09.01"]

1. e4 c5 2. Nf3 e6 3. c3 Nf6 4. e5 Nd5 5. d4 cxd4 6. cxd4 d6 7. Be2 Bd7 8. O-O
Bc6 9. a3 Nd7 10. Re1 Qc7 11. b4 a6 12. Bb2 Be7 13. Nbd2 O-O 14. Rc1 Rfd8 15.
Bf1 Rac8 16. h4 Qb8 17. Qb3 b5 18. Ne4 N5b6 19. Qe3 Bxe4 20. Qxe4 d5 21. Qg4
Nc4 22. Bxc4 Rxc4 23. Nd2 Rxc1 24. Rxc1 Nb6 25. Nb3 Nc4 26. Rc2 Rc8 27. Nc5
Bxc5 28. dxc5 Nxb2 29. Rxb2 Qxe5 30. Rb3 Qe1+ 31. Kh2 Qxf2 32. Rf3 Qd2 33. Qh5
f5 34. Rg3 Qf4 35. c6 g6 0-1

[Event "XVI Festival A"]
[Site "Cesenatico ITA"]
[Date "2012.09.07"]
[Round "7"]
[White "Castellanos Rodriguez, Renier"]
[Black "Medancic, Rikard"]
[WhiteElo "2491"]
[BlackElo "2222"]
[Result "1-0"]
[PlyCount "119"]
[EventDate "2012.09.01"]

1. e4 d5 2. exd5 Qxd5 3. Nf3 Bg4 4. Be2 Nf6 5. d4 e6 6. h3 Bh5 7. c4 Qd8 8. Qb3
Qc8 9. Nc3 Be7 10. g4 Bg6 11. Ne5 Nfd7 12. Nxg6 hxg6 13. Bf3 Nc6 14. Be3 e5 15.
dxe5 Ndxe5 16. Bg2 O-O 17. Nd5 Bd8 18. Qc3 Re8 19. O-O Nd7 20. Rae1 Nf8 21. Bh6
Ne5 22. Bf4 f6 23. Bxe5 fxe5 24. Rxe5 Rxe5 25. Qxe5 Qe6 26. Qxe6+ Nxe6 27. Re1
Kf7 28. Nb4 c6 29. Nxc6 bxc6 30. Bxc6 Ba5 31. Rxe6 Kxe6 32. Bxa8 g5 33. Kf1 Ke5
34. Ke2 Kd4 35. Bd5 Bd8 36. Kd2 Ba5+ 37. Kc2 Be1 38. f3 a5 39. Bf7 Bb4 40. Bg8
Be1 41. a3 a4 42. Bf7 Bg3 43. Be8 Kxc4 44. Bxa4 Bd6 45. Bd7 Be7 46. b4 Bf8 47.
Be6+ Kd4 48. Kb3 Bd6 49. Bf5 Bf4 50. Be4 Bc1 51. a4 Be3 52. a5 Ke5 53. Kc4 Kd6
54. Ba8 Bf2 55. Kb5 Kc7 56. Ka6 Be1 57. b5 Bf2 58. b6+ Kb8 59. Be4 Be3 60. Kb5
1-0

[Event "XVI Festival A"]
[Site "Cesenatico ITA"]
[Date "2012.09.07"]
[Round "7"]
[White "De Filomeno, Simone"]
[Black "Sharma, Dinesh K."]
[WhiteElo "2365"]
[BlackElo "2361"]
[Result "0-1"]
[PlyCount "118"]
[EventDate "2012.09.01"]

1. e4 e6 2. d4 d5 3. Nc3 Nf6 4. e5 Nfd7 5. f4 c5 6. Nf3 Nc6 7. Be3 cxd4 8. Nxd4
Bc5 9. Qd2 O-O 10. O-O-O a6 11. Nb3 Be7 12. Kb1 b5 13. Bd3 b4 14. Na4 Na5 15.
Nbc5 Nxc5 16. Bxc5 Bxc5 17. Nxc5 Nc6 18. Qe3 Qe7 19. Ne4 dxe4 20. Qxe4 g6 21.
Qxc6 Bb7 22. Qb6 Bxg2 23. Rhg1 Bf3 24. Rde1 a5 25. Qf2 Bh5 26. Bc4 Kh8 27. b3
a4 28. bxa4 Rxa4 29. Bb3 Ra3 30. Re4 Rfa8 31. Rg3 R3a7 32. Qd2 Rd7 33. Qxb4 Qh4
34. Rd4 Rxd4 35. Qxd4 Qxh2 36. Rc3 Bg4 37. Rc7 Kg7 38. Qb4 Rf8 39. Rc4 h5 40.
Qe7 Bf5 41. Qg5 h4 42. Rd4 Qg3 43. Qf6+ Kg8 44. Rd8 Rxd8 45. Qxd8+ Kh7 46. Qf6
Qxf4 47. Qxf7+ Kh6 48. Bxe6 Qxe5 49. Bd5 Qc3 50. Bb3 Qe1+ 51. Kb2 Qe5+ 52. Ka3
h3 53. c4 Qd6+ 54. c5 Qxc5+ 55. Kb2 h2 56. Qd5 Qxd5 57. Bxd5 Kg5 58. a4 Kf4 59.
a5 Be4 0-1

[Event "XVI Festival A"]
[Site "Cesenatico ITA"]
[Date "2012.09.07"]
[Round "7"]
[White "Di Trapani, Davide"]
[Black "De Santis, Alessio"]
[WhiteElo "2077"]
[BlackElo "2325"]
[Result "1/2-1/2"]
[PlyCount "82"]
[EventDate "2012.09.01"]

1. e4 b6 2. d4 Bb7 3. Bd3 Nf6 4. Qe2 Nc6 5. c3 e5 6. d5 Ne7 7. Nf3 Ng6 8. O-O
Bc5 9. h3 O-O 10. b4 Bd6 11. Na3 Re8 12. Nc4 Bf8 13. Bc2 c6 14. dxc6 Bxc6 15.
Rd1 h6 16. a4 Qc7 17. b5 Bb7 18. a5 Rac8 19. Ra4 d5 20. axb6 axb6 21. exd5 e4
22. d6 exf3 23. Qxe8 Qxc4 24. Rxc4 Rxe8 25. Rc7 Bc8 26. Be3 Nd7 27. Bf5 Nge5
28. Rd5 Nf6 29. Rxe5 Rxe5 30. Bxc8 Bxd6 31. Rc6 Rd5 32. gxf3 Rd1+ 33. Kg2 Nd5
34. Bg4 Nxe3+ 35. fxe3 Bc5 36. Rc8+ Kh7 37. f4 Rc1 38. Kf3 Rxc3 39. Re8 g6 40.
Bd7 Kg7 41. Bc6 Ra3 1/2-1/2

[Event "XVI Festival A"]
[Site "Cesenatico ITA"]
[Date "2012.09.07"]
[Round "7"]
[White "Galassi, Federico"]
[Black "Friedrich, Norbert"]
[WhiteElo "2163"]
[BlackElo "2311"]
[Result "0-1"]
[PlyCount "64"]
[EventDate "2012.09.01"]

1. e4 c5 2. Nf3 e6 3. b3 a6 4. Bb2 d6 5. d4 cxd4 6. Nxd4 Nf6 7. Bd3 Nbd7 8. O-O
Nc5 9. Qe2 g6 10. c4 Nxd3 11. Qxd3 Be7 12. Nc3 O-O 13. Rad1 Qc7 14. Nc2 Rd8 15.
Ne3 Bd7 16. a4 Be8 17. Qd4 Qc5 18. Qd2 b5 19. Rfe1 b4 20. Na2 Nxe4 21. Qe2 Nf6
22. Bd4 Qc7 23. Nxb4 Rdb8 24. Bxf6 Bxf6 25. Ned5 Qd8 26. Nxf6+ Qxf6 27. Nc2
Rxb3 28. Rxd6 Rb2 29. Rd2 Qc3 30. Rc1 Bxa4 31. Qe4 Qxd2 32. Qxa8+ Kg7 0-1

[Event "XVI Festival A"]
[Site "Cesenatico ITA"]
[Date "2012.09.07"]
[Round "7"]
[White "Roeder, Matthias"]
[Black "Colovic, Aleksandar"]
[WhiteElo "2432"]
[BlackElo "2449"]
[Result "1/2-1/2"]
[PlyCount "58"]
[EventDate "2012.09.01"]

1. Nf3 Nf6 2. c4 e6 3. g3 d5 4. Bg2 Be7 5. O-O O-O 6. b3 c5 7. Bb2 Nc6 8. e3 b6
9. Nc3 Ba6 10. d3 Qd7 11. Qe2 Rad8 12. Rfd1 Rfe8 13. Nb5 Bb7 14. d4 a6 15. Ne5
Nxe5 16. dxe5 axb5 17. exf6 Bxf6 18. Bxf6 gxf6 19. cxb5 Qc7 20. a4 e5 21. e4 d4
22. Qg4+ Kh8 23. Qh4 Rd6 24. Rac1 Bc8 25. Bh3 Bxh3 26. Qxh3 Rg8 27. Qf5 Rg5 28.
Qf3 Qd7 29. h4 Rg8 1/2-1/2

[Event "XVI Festival A"]
[Site "Cesenatico ITA"]
[Date "2012.09.07"]
[Round "7"]
[White "Stella, Andrea"]
[Black "Petkov, Vladimir"]
[WhiteElo "2456"]
[BlackElo "2522"]
[Result "1/2-1/2"]
[PlyCount "27"]
[EventDate "2012.09.01"]

1. d4 d5 2. c4 e6 3. Nf3 Nf6 4. e3 a6 5. Nbd2 c5 6. dxc5 Bxc5 7. a3 dxc4 8.
Bxc4 b5 9. Ba2 Bb7 10. b4 Be7 11. O-O Nbd7 12. Bb2 O-O 13. Rc1 Rc8 14. Qe2
1/2-1/2

[Event "XVI Festival A"]
[Site "Cesenatico ITA"]
[Date "2012.09.07"]
[Round "7"]
[White "Volkov, Sergey"]
[Black "Valsecchi, Alessio"]
[WhiteElo "2575"]
[BlackElo "2427"]
[Result "1-0"]
[PlyCount "67"]
[EventDate "2012.09.01"]

1. d4 Nf6 2. c4 g6 3. Nc3 Bg7 4. e4 d6 5. Be2 O-O 6. Nf3 Na6 7. O-O e5 8. Re1
Bg4 9. Be3 Nd7 10. Rb1 Bxf3 11. Bxf3 exd4 12. Bxd4 Bxd4 13. Qxd4 Nac5 14. Rbd1
Qg5 15. g3 Ne6 16. Qd2 Qxd2 17. Rxd2 c5 18. Rxd6 Ne5 19. Be2 Nd4 20. Rc1 Rad8
21. Rd5 Nxe2+ 22. Nxe2 Rde8 23. Kg2 f5 24. exf5 Nd3 25. Rc3 Rxe2 26. Rcxd3 Rxb2
27. Rxc5 Rxa2 28. g4 gxf5 29. g5 Ra6 30. Kg3 Re6 31. Rd7 f4+ 32. Kg4 Rc6 33.
Rxc6 bxc6 34. Rxa7 1-0

[Event "XVI Festival A"]
[Site "Cesenatico ITA"]
[Date "2012.09.07"]
[Round "7"]
[White "Zamengo, Bruno"]
[Black "Mandolini, Riccardo"]
[WhiteElo "1943"]
[BlackElo "2085"]
[Result "1/2-1/2"]
[PlyCount "31"]
[EventDate "2012.09.01"]

1. e4 c5 2. Nf3 Nc6 3. d4 cxd4 4. Nxd4 g6 5. Nc3 Bg7 6. Be3 Nf6 7. Be2 O-O 8.
O-O d5 9. exd5 Nxd5 10. Nxd5 Nxd4 11. Bxd4 Qxd5 12. Bxg7 Qxd1 13. Raxd1 Kxg7
14. Bf3 Bf5 15. c3 Rad8 16. Rxd8 1/2-1/2

[Event "XVI Festival A"]
[Site "Cesenatico ITA"]
[Date "2012.09.08"]
[Round "8"]
[White "Colovic, Aleksandar"]
[Black "Zamengo, Fulvio"]
[WhiteElo "2449"]
[BlackElo "2047"]
[Result "1-0"]
[PlyCount "63"]
[EventDate "2012.09.01"]

1. e4 e6 2. d4 d5 3. e5 c5 4. c3 Nc6 5. Nf3 Qb6 6. Bd3 cxd4 7. cxd4 Bd7 8. O-O
Nxd4 9. Nbd2 Nxf3+ 10. Nxf3 Ne7 11. Be3 Qd8 12. Rc1 Nc6 13. h4 Be7 14. h5 f6
15. exf6 Bxf6 16. Bc5 Qc7 17. Nd4 Nxd4 18. Bxd4 Qf4 19. Bxf6 gxf6 20. g3 Qd6
21. h6 Bc6 22. Qh5+ Kd7 23. Qh4 d4 24. Rc4 e5 25. Rfc1 Qd5 26. Qg4+ Kc7 27. Be4
Qd7 28. Qf3 Rac8 29. Rxc6+ bxc6 30. Rxc6+ Kb8 31. Qb3+ Qb7 32. Rxc8+ 1-0

[Event "XVI Festival A"]
[Site "Cesenatico ITA"]
[Date "2012.09.08"]
[Round "8"]
[White "De Santis, Alessio"]
[Black "Meyer, Peter"]
[WhiteElo "2325"]
[BlackElo "2043"]
[Result "1-0"]
[PlyCount "61"]
[EventDate "2012.09.01"]

1. d4 Nf6 2. c4 e5 3. dxe5 Ng4 4. e3 Nxe5 5. Nh3 Bb4+ 6. Bd2 Bxd2+ 7. Nxd2 O-O
8. f4 Nec6 9. Qh5 Qe8 10. Kf2 f6 11. Qh4 d6 12. Bd3 g6 13. Rae1 Nd7 14. e4 Nc5
15. Bb1 a5 16. Re3 Qf7 17. Rhe1 Bd7 18. Kg1 Rae8 19. Nf2 Qe7 20. Qg3 Qg7 21. h4
f5 22. b3 Qf6 23. h5 Kg7 24. hxg6 hxg6 25. e5 dxe5 26. fxe5 Qe7 27. Nh3 Ne6 28.
Nf3 Kh6 29. Nh4 Qg7 30. Nxf5+ Rxf5 31. Bxf5 1-0

[Event "XVI Festival A"]
[Site "Cesenatico ITA"]
[Date "2012.09.08"]
[Round "8"]
[White "Friedrich, Norbert"]
[Black "Villa, Giorgio"]
[WhiteElo "2311"]
[BlackElo "1966"]
[Result "1/2-1/2"]
[PlyCount "72"]
[EventDate "2012.09.01"]

1. e4 c6 2. d4 d5 3. Nc3 dxe4 4. Nxe4 Nd7 5. Ng5 Ngf6 6. Bd3 e6 7. N1f3 Bd6 8.
Qe2 h6 9. Ne4 Nxe4 10. Qxe4 Nf6 11. Qe2 Qb6 12. O-O O-O 13. b3 Qc7 14. Bb2 b6
15. c4 Bb7 16. Rad1 c5 17. d5 exd5 18. Bxf6 gxf6 19. Nh4 Bxh2+ 20. Kh1 Qf4 21.
Nf3 dxc4 22. Bxc4 Bxf3 23. Qxf3 Qxf3 24. gxf3 Be5 25. Rd7 f5 26. Rg1+ Bg7 27.
Re1 Bf6 28. Rg1+ Kh8 29. Bxf7 f4 30. Rg6 Bg5 31. Bc4 Rfd8 32. Rb7 Rdb8 33. Rf7
Rf8 34. Rd7 Rfd8 35. Rb7 Rdb8 36. Rf7 Rf8 1/2-1/2

[Event "XVI Festival A"]
[Site "Cesenatico ITA"]
[Date "2012.09.08"]
[Round "8"]
[White "Lucchi, Lorenzo"]
[Black "Roeder, Matthias"]
[WhiteElo "2080"]
[BlackElo "2432"]
[Result "0-1"]
[PlyCount "58"]
[EventDate "2012.09.01"]

1. e4 c5 2. c3 Nf6 3. e5 Nd5 4. d4 cxd4 5. Nf3 e6 6. cxd4 d6 7. Bc4 Nb6 8. Bb3
dxe5 9. Nxe5 Nc6 10. Nxc6 bxc6 11. O-O Be7 12. Nc3 O-O 13. Bf4 Ba6 14. Re1 Nd5
15. Be5 Nb4 16. Qg4 g6 17. Re3 Nd3 18. Ne4 Nxe5 19. dxe5 Kg7 20. Rd1 Qc7 21.
Qf4 Rad8 22. Rde1 Rd4 23. Rh3 h5 24. g4 g5 25. Qe3 Rd3 26. Qxd3 Bxd3 27. Rxd3
Qxe5 28. Rde3 hxg4 29. Ng3 Qxb2 0-1

[Event "XVI Festival A"]
[Site "Cesenatico ITA"]
[Date "2012.09.08"]
[Round "8"]
[White "Mrdja, Milan"]
[Black "Giovanardi, Rino"]
[WhiteElo "2347"]
[BlackElo "2024"]
[Result "1-0"]
[PlyCount "37"]
[EventDate "2012.09.01"]

1. e4 e5 2. Nf3 Nc6 3. Nc3 g6 4. d4 exd4 5. Nd5 Bg7 6. Bg5 f6 7. Bf4 d6 8. Bc4
Ne5 9. Qxd4 Ne7 10. Bb3 Bg4 11. Qe3 N7c6 12. O-O-O Qd7 13. h3 Bxf3 14. gxf3 a6
15. Bg3 Na5 16. f4 Nf7 17. Qc3 Nxb3+ 18. axb3 O-O-O 19. Nb6+ 1-0

[Event "XVI Festival A"]
[Site "Cesenatico ITA"]
[Date "2012.09.08"]
[Round "8"]
[White "Naumkin, Igor"]
[Black "Medancic, Rikard"]
[WhiteElo "2473"]
[BlackElo "2222"]
[Result "1-0"]
[PlyCount "103"]
[EventDate "2012.09.01"]

1. d4 f5 2. Nf3 Nf6 3. g3 g6 4. Bg2 Bg7 5. O-O O-O 6. c4 d6 7. Nc3 e6 8. Qc2
Nc6 9. d5 exd5 10. cxd5 Nb4 11. Qb3 a5 12. Be3 Qe7 13. Bd4 c5 14. dxc6+ Be6 15.
Qa4 bxc6 16. a3 c5 17. Bxf6 Bxf6 18. axb4 axb4 19. Qxa8 bxc3 20. bxc3 Rxa8 21.
Rxa8+ Kg7 22. Rfa1 Bf7 23. e3 g5 24. R8a7 Qe6 25. Rd1 Kg6 26. Ra6 Be7 27. c4 h6
28. h3 Kg7 29. Ra7 Kf6 30. Rb1 Bg6 31. Rbb7 Bd8 32. Rb8 Be7 33. Nd2 f4 34. exf4
gxf4 35. Rb3 Bc2 36. Rf3 Qe1+ 37. Nf1 Kg6 38. Rxf4 Bg5 39. Rff7 Bf6 40. Rf8 h5
41. Rg8+ Kh6 42. Rf7 Bd4 43. Rd8 Kg6 44. Bd5 Be5 45. Re7 Qb1 46. Re6+ Kg7 47.
Rd7+ Kf8 48. Rb7 Qe1 49. Ree7 Bg6 50. Rec7 Bd4 51. Rc8+ Be8 52. Rf7+ 1-0

[Event "XVI Festival A"]
[Site "Cesenatico ITA"]
[Date "2012.09.08"]
[Round "8"]
[White "Petkov, Vladimir"]
[Black "Drei, Andrea"]
[WhiteElo "2522"]
[BlackElo "2247"]
[Result "1-0"]
[PlyCount "69"]
[EventDate "2012.09.01"]

1. d4 Nf6 2. c4 e6 3. Nf3 Bb4+ 4. Bd2 c5 5. Bxb4 cxb4 6. g3 O-O 7. Bg2 d6 8.
O-O Nc6 9. Qd3 e5 10. Nbd2 Re8 11. d5 Nb8 12. e4 a5 13. h3 Nbd7 14. Qe3 a4 15.
Ne1 Nc5 16. Nc2 Qa5 17. Nb3 Qc7 18. Nxc5 dxc5 19. Ne1 b6 20. Nd3 Ba6 21. Rac1
Qd6 22. f4 exf4 23. gxf4 Nxe4 24. Bxe4 f5 25. Ne5 fxe4 26. Qxe4 Bc8 27. Rf3 Ra7
28. Re1 Rae7 29. Rfe3 Qh6 30. Qf3 Bf5 31. Qg3 Qf6 32. Kh2 h6 33. Rg1 Kh7 34.
Rg2 g5 35. Rge2 1-0

[Event "XVI Festival A"]
[Site "Cesenatico ITA"]
[Date "2012.09.08"]
[Round "8"]
[White "Sharma, Dinesh K."]
[Black "Castellanos Rodriguez, Renier"]
[WhiteElo "2361"]
[BlackElo "2491"]
[Result "1/2-1/2"]
[PlyCount "71"]
[EventDate "2012.09.01"]

1. e4 c5 2. Nf3 e6 3. d4 cxd4 4. Nxd4 a6 5. Bd3 Bc5 6. Nb3 Be7 7. O-O d6 8. f4
Nd7 9. Qf3 Ngf6 10. Nc3 Qc7 11. Be3 b5 12. a3 Bb7 13. Qh3 g6 14. Rae1 h5 15.
Kh1 Nc5 16. Nd2 Rd8 17. Bg1 d5 18. e5 Nfe4 19. Bxe4 Nxe4 20. Ndxe4 dxe4 21. Qe3
Rc8 22. Re2 Qc4 23. Rd1 Bc5 24. Qd2 O-O 25. Bxc5 Qxc5 26. Qd4 a5 27. Nxe4 Bxe4
28. Qxe4 Rcd8 29. Red2 Rb8 30. Qd4 Qc6 31. c3 Rfc8 32. Kg1 b4 33. axb4 axb4 34.
Rc1 bxc3 35. Rxc3 Qa6 36. Kf2 1/2-1/2

[Event "XVI Festival A"]
[Site "Cesenatico ITA"]
[Date "2012.09.08"]
[Round "8"]
[White "Stella, Andrea"]
[Black "Volkov, Sergey"]
[WhiteElo "2456"]
[BlackElo "2575"]
[Result "1/2-1/2"]
[PlyCount "28"]
[EventDate "2012.09.01"]

1. Nf3 d5 2. c4 d4 3. b4 c5 4. e3 dxe3 5. fxe3 cxb4 6. d4 e6 7. Bd3 Nc6 8. O-O
Nge7 9. Bb2 Ng6 10. Nbd2 Be7 11. d5 exd5 12. cxd5 Qxd5 13. Bc4 Qd6 14. Qb3 Be6
1/2-1/2

[Event "XVI Festival A"]
[Site "Cesenatico ITA"]
[Date "2012.09.08"]
[Round "8"]
[White "Valsecchi, Alessio"]
[Black "Di Trapani, Davide"]
[WhiteElo "2427"]
[BlackElo "2077"]
[Result "1-0"]
[PlyCount "67"]
[EventDate "2012.09.01"]

1. e4 e5 2. Nf3 Nc6 3. Bb5 f5 4. d3 fxe4 5. dxe4 Nf6 6. Nc3 Bb4 7. Qd3 Bxc3+ 8.
bxc3 d6 9. O-O O-O 10. Bg5 h6 11. Qc4+ Kh8 12. Bxf6 Rxf6 13. Bxc6 bxc6 14. Qxc6
Bd7 15. Qd5 Rxf3 16. gxf3 Qg5+ 17. Kh1 Qf4 18. Qd1 Rf8 19. Rb1 Qh4 20. Rg1 Qxf2
21. Rg3 g5 22. Rb7 Qc5 23. Qd2 a6 24. h4 Rf4 25. hxg5 Rh4+ 26. Kg2 Bb5 27. Qe1
h5 28. Rh3 Rxh3 29. Kxh3 Kg7 30. Kg2 Kg6 31. Rb8 Qc4 32. Rh8 Qxa2 33. Qh4 Qxc2+
34. Kg3 1-0

[Event "XVI Festival A"]
[Site "Cesenatico ITA"]
[Date "2012.09.09"]
[Round "9"]
[White "Bentivegna, Francesco"]
[Black "Gaiba, Paolo"]
[WhiteElo "2319"]
[BlackElo "2067"]
[Result "1-0"]
[PlyCount "73"]
[EventDate "2012.09.01"]

1. e4 e5 2. Nf3 Nc6 3. d4 exd4 4. Nxd4 Bc5 5. Nb3 Bb6 6. Nc3 a6 7. Nd5 Ba7 8.
Qg4 g6 9. Qg3 d6 10. Bg5 f6 11. Qc3 Kf7 12. Be3 Bxe3 13. Nxe3 Nge7 14. O-O-O
Be6 15. Nc5 Bc8 16. f4 Qe8 17. Bc4+ Kg7 18. Ne6+ Bxe6 19. Bxe6 Nc8 20. Bd5 Nb6
21. Ng4 Rf8 22. h4 h5 23. Nf2 Na4 24. Qf3 Nb4 25. a3 Nxd5 26. Rxd5 Nb6 27. Rd3
Qf7 28. f5 Qa2 29. b3 Qxa3+ 30. Kb1 Qa5 31. Qg3 g5 32. hxg5 Qe5 33. gxf6+ Kxf6
34. Qh4+ Kf7 35. Qxh5+ Ke7 36. Ng4 Qf4 37. g3 1-0

[Event "XVI Festival A"]
[Site "Cesenatico ITA"]
[Date "2012.09.09"]
[Round "9"]
[White "De Filomeno, Simone"]
[Black "Cocconcelli, Lorenzo"]
[WhiteElo "2365"]
[BlackElo "2017"]
[Result "1-0"]
[PlyCount "71"]
[EventDate "2012.09.01"]

1. e4 e6 2. d4 d5 3. Nc3 Bb4 4. e5 c5 5. a3 Bxc3+ 6. bxc3 Qa5 7. Bd2 Qa4 8. Qb1
c4 9. h4 Nc6 10. h5 h6 11. g4 f6 12. f4 Bd7 13. Be3 O-O-O 14. Kd2 Nge7 15. Bh3
Rdf8 16. Ne2 f5 17. Qg1 fxg4 18. Bxg4 Rhg8 19. Ng3 Nf5 20. Nxf5 exf5 21. Bf3
Ne7 22. Rh3 Rf7 23. Qh1 Be6 24. Bf2 Qa5 25. Rg1 Qb5 26. Bh4 Qd7 27. Rhg3 Nc6
28. Rg6 Ne7 29. Bxe7 Rxe7 30. Rxe6 Rxe6 31. Bxd5 Rge8 32. Bxe6 Rxe6 33. Qg2 Re7
34. d5 Qe8 35. d6 Rd7 36. Qd5 1-0

[Event "XVI Festival A"]
[Site "Cesenatico ITA"]
[Date "2012.09.09"]
[Round "9"]
[White "Dittmar, Peter"]
[Black "Mrdja, Milan"]
[WhiteElo "2332"]
[BlackElo "2347"]
[Result "1/2-1/2"]
[PlyCount "31"]
[EventDate "2012.09.01"]

1. d4 e6 2. e4 d5 3. exd5 exd5 4. Nf3 Nf6 5. c4 Bb4+ 6. Nc3 O-O 7. Be2 Ne4 8.
Qb3 Bxc3+ 9. bxc3 dxc4 10. Bxc4 Nc6 11. Qc2 Bf5 12. Bd3 Re8 13. O-O Bg6 14. Re1
Nd6 15. Rxe8+ Qxe8 16. Bxg6 1/2-1/2

[Event "XVI Festival A"]
[Site "Cesenatico ITA"]
[Date "2012.09.09"]
[Round "9"]
[White "Drei, Andrea"]
[Black "Friedrich, Norbert"]
[WhiteElo "2247"]
[BlackElo "2311"]
[Result "1-0"]
[PlyCount "42"]
[EventDate "2012.09.01"]

1. e4 c5 2. c3 d5 3. exd5 Qxd5 4. d4 Nf6 5. Nf3 e6 6. Na3 Qd8 7. Nc2 Nbd7 8.
Bd3 Be7 9. Qe2 Qc7 10. Bg5 O-O 11. O-O-O b5 12. Bxb5 Rb8 13. Ne5 Nxe5 14. dxe5
Nd5 15. Bxe7 Qxe7 16. c4 Qg5+ 17. Kb1 Bd7 18. Rxd5 Bxb5 19. Rxc5 Qxg2 20. Qf1
Bc6 21. Rg1 Be4 1-0

[Event "XVI Festival A"]
[Site "Cesenatico ITA"]
[Date "2012.09.09"]
[Round "9"]
[White "Pascucci, Marco"]
[Black "Valsecchi, Alessio"]
[WhiteElo "2132"]
[BlackElo "2427"]
[Result "0-1"]
[PlyCount "74"]
[EventDate "2012.09.01"]

1. Nf3 Nf6 2. b3 g6 3. Bb2 Bg7 4. g3 O-O 5. Bg2 c5 6. c4 Nc6 7. O-O d5 8. cxd5
Nxd5 9. Bxg7 Kxg7 10. Nc3 Nxc3 11. dxc3 a5 12. Qc1 a4 13. Qe3 Qa5 14. Rab1 Bf5
15. b4 Qb5 16. Rbc1 cxb4 17. cxb4 a3 18. Rc5 Qxb4 19. Ne5 Nxe5 20. Qxe5+ f6 21.
Qxe7+ Rf7 22. Qe3 Rd7 23. Rfc1 Rad8 24. Rc7 b5 25. h4 h5 26. Qa7 Qe7 27. Bf3 b4
28. Qb6 Be6 29. R1c2 b3 30. Rxd7 Qxd7 31. axb3 Qd1+ 32. Kg2 Qxc2 33. Qxd8 Qxb3
34. e4 Bf7 35. Qe7 a2 36. e5 Qe6 37. Qa7 Qxe5 0-1

[Event "XVI Festival A"]
[Site "Cesenatico ITA"]
[Date "2012.09.09"]
[Round "9"]
[White "Schaufelberger, Heinz"]
[Black "Ronzano, Luca"]
[WhiteElo "2281"]
[BlackElo "1955"]
[Result "1-0"]
[PlyCount "54"]
[EventDate "2012.09.01"]

1. Nf3 Nc6 2. d4 d5 3. Bf4 Bg4 4. e3 e6 5. c4 Bb4+ 6. Nc3 Nge7 7. Rc1 O-O 8. h3
Bh5 9. cxd5 Nxd5 10. Bh2 f5 11. a3 Nxc3 12. bxc3 Bxa3 13. Rb1 Bd6 14. Bxd6 Qxd6
15. Rxb7 Rfb8 16. Rxb8+ Rxb8 17. Qa1 Bxf3 18. gxf3 Qd5 19. Be2 e5 20. O-O f4
21. Rb1 Rxb1+ 22. Qxb1 exd4 23. cxd4 Qe6 24. Qb5 Qg6+ 25. Kf1 h6 26. Bd3 Qd6
27. Be4 Nd8 1-0

[Event "XVI Festival A"]
[Site "Cesenatico ITA"]
[Date "2012.09.09"]
[Round "9"]
[White "Villa, Giorgio"]
[Black "De Santis, Alessio"]
[WhiteElo "1966"]
[BlackElo "2325"]
[Result "1/2-1/2"]
[PlyCount "52"]
[EventDate "2012.09.01"]

1. d4 Nf6 2. Nf3 e6 3. c4 c5 4. e3 Qc7 5. Nc3 a6 6. Be2 Be7 7. O-O O-O 8. Qc2
d6 9. b3 Nbd7 10. Bb2 b6 11. Rfd1 Bb7 12. d5 exd5 13. Nxd5 Nxd5 14. cxd5 Bf6
15. b4 Bxb2 16. Qxb2 Nf6 17. bxc5 bxc5 18. Bc4 Rfb8 19. Qe2 Re8 20. Rab1 Bc8
21. Nd2 Bf5 22. Bd3 Bd7 23. Nc4 Bb5 24. Qc2 Reb8 25. e4 Bxc4 26. Bxc4 a5
1/2-1/2

[Event "XVI Festival A"]
[Site "Cesenatico ITA"]
[Date "2012.09.09"]
[Round "9"]
[White "Volkov, Sergey"]
[Black "Roeder, Matthias"]
[WhiteElo "2575"]
[BlackElo "2432"]
[Result "1/2-1/2"]
[PlyCount "144"]
[EventDate "2012.09.01"]

1. d4 Nf6 2. c4 e6 3. Nc3 d5 4. cxd5 exd5 5. Bg5 Be7 6. e3 O-O 7. Bd3 Nbd7 8.
Nf3 c6 9. Qc2 Re8 10. O-O Nf8 11. h3 Ne4 12. Bf4 Ng5 13. Nxg5 Bxg5 14. Bh2 Be7
15. Rab1 Bd6 16. Bxd6 Qxd6 17. b4 Bd7 18. b5 c5 19. dxc5 Qxc5 20. Qd2 Rac8 21.
Nxd5 Ng6 22. Bxg6 hxg6 23. Rfc1 Qd6 24. Nf6+ Qxf6 25. Qxd7 Rcd8 26. Qxb7 Rd2
27. Rf1 Rxa2 28. Rbc1 Rd8 29. Rc6 Qf5 30. Qe7 Rad2 31. Rc5 Qf6 32. Rc7 Qxe7 33.
Rxe7 R8d7 34. Rxd7 Rxd7 35. Rc1 Rd5 36. Rc8+ Kh7 37. Rc7 f6 38. Rb7 Rd1+ 39.
Kh2 Ra1 40. h4 a5 41. Ra7 a4 42. b6 Rb1 43. b7 a3 44. g4 a2 45. Rxa2 Rxb7 46.
Ra5 Kg8 47. Kg3 Kf7 48. e4 Rb3+ 49. f3 Rb7 50. g5 Rc7 51. Kg4 Rc1 52. Ra7+ Kf8
53. gxf6 gxf6 54. h5 gxh5+ 55. Kf5 Rf1 56. f4 Rf2 57. Rh7 Rf1 58. Rh6 Ke7 59.
Rxh5 Rf2 60. Rh7+ Kf8 61. Rh1 Kf7 62. Ra1 Kf8 63. Ra7 Rf1 64. Ra6 Kg7 65. Rb6
Rf2 66. Rb1 Kf8 67. Rb4 Rf1 68. Kxf6 Rxf4+ 69. Ke6 Rf1 70. e5 Ra1 71. Rb8+ Kg7
72. Rd8 Re1 1/2-1/2